000
00324nam a2200133Ia 4500
008
191201s2011 xx 000 0 und d
082
_a
658.0018
_b
SHC
100
_a
SHARMA,Deepti
245
0
_a
Computer Applications in Management
260
_a
N. Delhi
_b
Ane Books
_c
2011
300
_a
164
650
_a
BBA
942
_2
ddc
_c
BK
999
_c
4937
_d
4937